000 00766nam a2200193Ia 4500
005 20240530110931.0
008 140319s1992 xx 000 0 ara d
040 _aGCL /
_cGCL
082 0 4 _a811.054 /
_bص غ
100 1 _aصلاح والى
245 1 0 _aالغواية :
_bشعر/
_cصلاح والى
260 _aالقاهرة :
_bدار سعاد الصباح ،
_c1992
260 _aالكويت :
_bدار سعاد الصباح ،
_c1992
300 _a123 ص ؛
_b20 سم
650 0 4 _aالادب العربى
650 0 4 _aالشعر العربى
942 _2ddc
_cBK
999 _c66645
_d66645